书目信息 |
| 题名: |
自私的基因
|
|
| 作者: | 道因斯 著 ;张岱云 , 王兵 , 卢允中 译 | |
| 分册: | ||
| 出版信息: | 北京 科学出版社 1981 |
|
| 页数: | 281页 | |
| 开本: | 20cm | |
| 丛书名: | ||
| 单 册: | ||
| 中图分类: | Q75-49 | |
| 科图分类: | ||
| 主题词: | 分子遗传学 | |
| 电子资源: | ||
| ISBN: | ||
| 000 | 00737nam0 2200253 45 | |
| 001 | 0210281552 | |
| 005 | 20070730162326.28 | |
| 010 | @dCNY1.00 | |
| 091 | @aCN@b13031.1758 | |
| 100 | @a20021028d1981 km y0chiy0120 ea | |
| 101 | 0 | @achi@ceng |
| 102 | @aCN@b110000 | |
| 102 | @aCN@b110000 | |
| 200 | 1 | @a自私的基因@AZi Si De Ji Yin@f(英)理查德·道因斯著@F(Ying)Li Cha De·Dao Yin Si Zhu@g卢允中,张岱云,王兵译 |
| 210 | @a北京@c科学出版社@d1981@h1983 | |
| 215 | @a281页@d20cm | |
| 606 | 0 | @a分子遗传学 |
| 690 | @aQ75-49@v4 | |
| 701 | @a道因斯@4著 | |
| 702 | 0 | @a张岱云@AZhang Dai Yun@4译 |
| 702 | 0 | @a王兵@AWang Bing@4译 |
| 702 | 0 | @a卢允中@ALu Yun Zhong@4译 |
| 801 | @aCN@bTSTC@c20070730 | |
| 905 | @b316624-625@dQ75-49@e140@f2 | |
| 自私的基因/(英)理查德·道因斯著/卢允中,张岱云,王兵译.-北京:科学出版社,1981(1983) |
| 281页;20cm |
| ISBN :CNY1.00 |
| ● |
| 相关链接 |
|
|
|
|
正题名:自私的基因
索取号:Q75-49/140
 
预约/预借
| 序号 | 登录号 | 条形码 | 馆藏地/架位号 | 状态 | 备注 |
| 1 | 0785875 | 207858754 | 第二样本阅览室/ [索取号:Q75-49/140] | 在馆 |